000 01027cam a22002651 4500
001 24740
003 BD-RjUL
005 20211209001107.0
008 140315s1954 enkabcj b 001 0 eng d
035 _a(BD-RjUL)24809
035 _a(OCoLC)1284066
040 _aDLC
_cOClU
_dOCoLC
_dUk
_dDLC
_dBD-RjUL
_beng
041 _aeng
082 0 0 _a940.18
_bRUH V-3 1954
100 1 _aRunciman, Steven,
_d1903-2000.
_976060
245 1 2 _aA history of the Crusades /
_c Steven Runciman,
_nVolume III :
_pThe Kingdom of Acre and the Later Crusades
260 _aCambridge :
_bUniversity Press,
_c1954.
300 _axi,530p. :
_billus., ports., maps, fold. geneal. table. ;
_c22 cm.
504 _aIncludes bibliographies. and Index
505 0 _av. 1. The First Crusade and the foundation of the Kingdom of Jerusalem.--v. 2 The kingdom of Jerusalem and the Frankish East, 1100-1187.--v. 3. The Kingdom of Acre, and the later Crusades.
650 0 _aCrusades.
_976161
942 _2ddc
_cBK
999 _c24740
_d24740